000 00691nam a2200193Ia 4500
003 GCL
008 140319s9999 xx 000 0 ara d
040 _aGCL /
_cGCL
082 0 4 _a939.4
_bف ح
100 1 _aفراس السواح
245 1 0 _aالحدث التوراتى والشرق الادنى القديم نظريه كمال الصليبيى فى ميزان الحقائق التاريخية والأثارية /
_cفراس السواح
300 _a344
490 _a100 قصة
_v0
650 0 4 _aشبه الجزيرة العربية
650 0 4 _aالتوراة
650 0 4 _aالحضارة القديمة
650 0 4 _aالشرق الاوسط - تاريخ
942 _2ddc
_cBK
999 _c44115
_d44115